Hľadanie vlastnej tváre K uplynulej sezóne Komornej opery

Bibliographic Details
Main Author: Unger, Pavel, 1951- (Author)
Format: Article
Language:Slovak
PhysicalDescription:Fot. 2.
Subjects:

MARC

LEADER 00000nab a2200000 a 4500
001 vtls000427945
003 SK-MaSNL
005 20260426063312.0
008 140422c1991 xo 0 slo
015 |a SNBRB19rr/mm-uuuuu 
035 |a CL0428073 
040 |a SNKBUCL  |b slo  |c SNKBUCL  |e AACR2 
041 0 |a slo 
044 |a xo  |c SK 
080 |a 78.071.20:785.7  |2 1981 
080 |a 785.7  |2 1981 
100 1 |a Unger, Pavel,  |d 1951-  |4 aut  |9 340556 
245 1 0 |a Hľadanie vlastnej tváre  |b K uplynulej sezóne Komornej opery  |c Pavel Unger 
300 |b Fot. 2. 
610 2 7 |a Komorná opera (Bratislava, Slovensko)  |2 snkbucl  |9 32772 
650 0 7 |a operné divadlá  |2 snkbucl  |9 508913 
651 7 |a Bratislava (Slovensko)  |2 snkbucl  |9 14568 
655 7 |a články z novín a časopisov  |2 snkbucl  |9 267496 
773 0 |t Literárny týždenník  |g Roč. 4, č. 28 (1991), s. 15 
850 |a Slovenská národná knižnica v Martine  |a MTA001 
852 |a SNK  |b KIS3GCP 
999 |c 2554613  |d 2556543